000 00305nam a2200121Ia 4500
008 190216s9999||||xx |||||||||||||| ||und||
100 _aKutty T R N & Tareen J A K
245 0 _aBasic Course In Crystalography
260 _bUniversity Press
_c2001
300 _a205p
650 _aChemistry
942 _cBK
999 _c3118
_d3118